Southville International School and Colleges
Your cart is empty.
  • Cart
  • Lists
    Public lists Eva Luna New books Lux_list list_1
    Your lists Log in to create your own lists
  • Log in to your account
  • Your cookies
  • Search history
Southville International School and Colleges
  • Advanced search
  • Recent comments
  • Most popular
  • Libraries

Log in to your account

Log in with GOOGLE


If you do not have an external account, but do have a local account, you can still log in:

  1. Home
  2. MARC view: Laboratory manual in introductory physics /
Normal view MARC view ISBD view

Laboratory manual in introductory physics / (Record no. 48313)

[ view plain ]
MARC details
000 -LEADER
fixed length control field 00648nam a2200205Ia 4500
008 - FIXED-LENGTH DATA ELEMENTS--GENERAL INFORMATION
fixed length control field 140321s9999 xx 000 0 und d
020 ## - INTERNATIONAL STANDARD BOOK NUMBER
International Standard Book Number 9789715846158
050 ## - LIBRARY OF CONGRESS CALL NUMBER
Classification number QC 33
Item number .M45 2010
100 ## - MAIN ENTRY--PERSONAL NAME
Personal name Mendoza, Phebe P.
245 ## - TITLE STATEMENT
Title Laboratory manual in introductory physics /
Statement of responsibility, etc Phebe P. Mendoza, Alma B. Punzalan and Maria Cristina A. Sicat.
250 ## - EDITION STATEMENT
Edition statement Rev. ed.
260 ## - PUBLICATION, DISTRIBUTION, ETC. (IMPRINT)
Place of publication, distribution, etc Quezon City :
Name of publisher, distributor, etc C & E Pub.,
Date of publication, distribution, etc c2010.
300 ## - PHYSICAL DESCRIPTION
Extent 79 p. :
Other physical details ill. ;
Dimensions 26 cm.
500 ## - GENERAL NOTE
General note Includes bibliographical references.
521 ## - TARGET AUDIENCE NOTE
Target audience note
650 ## - SUBJECT ADDED ENTRY--TOPICAL TERM
Topical term or geographic name as entry element Physics
General subdivision Experiments.
650 ## - SUBJECT ADDED ENTRY--TOPICAL TERM
Topical term or geographic name as entry element Physics
General subdivision Study and teaching.
942 ## - ADDED ENTRY ELEMENTS (KOHA)
Call number prefix Local
Koha item type Books
Holdings
Withdrawn status Lost status Source of classification or shelving scheme Damaged status Home library Current library Shelving location Date acquired Source of acquisition Total Checkouts Total Renewals Full call number Barcode Date last seen Date checked out Price effective from Koha item type
    Library of Congress Classification   College Library College Library Filipiniana Section 03/21/2014 Donation 2 11 QC 33 .M45 2010 C17596 03/09/2020 12/13/2019 03/21/2014 Books

Laboratory manual in introductory physics /

APA

Mendoza P. P., . (2010). Laboratory manual in introductory physics. Quezon City: C & E Pub.

Chicago

Mendoza Phebe P, . 2010. Laboratory manual in introductory physics. Quezon City: C & E Pub.

Harvard

Mendoza P. P., . (2010). Laboratory manual in introductory physics. Quezon City: C & E Pub.

MLA

Mendoza Phebe P, . Laboratory manual in introductory physics. Quezon City: C & E Pub. 2010.

  • Place hold
  • Print
  • Cite
  • Add to your cart (remove)
  • Save record
    BIBTEX Dublin Core MARCXML MARC (non-Unicode/MARC-8) MARC (Unicode/UTF-8) MARC (Unicode/UTF-8, Standard) MODS (XML) RIS
  • More searches
    Search for this title in:
    Other Libraries (WorldCat) Other Databases (Google Scholar) Online Stores (Bookfinder.com) Open Library (openlibrary.org)

Exporting to Dublin Core...

SOUTHVILLE LIBRARY

Southville International School and Colleges Library

1281 Tropical Ave. Cor. Luxembourg St., BF Homes International, Las Pinas City

Tel. No. 8256374 / 252358 Loc. 117/146

Powered by Koha